World War Countries - Statistics

General Stats
  • This quiz has been taken 42 times
  • The average score is 35 of 40
Answer Stats
Answer % Correct
Germany
100%
Germany
100%
Italy
100%
Italy
100%
Japan
100%
Japan
100%
United Kingdom
100%
United Kingdom
100%
France
97%
France
97%
United States
97%
United States
97%
Austria-Hungary
94%
Belgium
94%
Belgium
94%
China
94%
Netherlands
94%
Poland
94%
Bulgaria
91%
Bulgaria
91%
Greece
91%
Greece
91%
Norway
91%
Finland
89%
Denmark
86%
Russia
86%
Yugoslavia
86%
Hungary
83%
Ottoman Empire
83%
Portugal
83%
Romania
83%
Romania
83%
Soviet Union
80%
Czechoslovakia
77%
Luxembourg
74%
Brazil
71%
Serbia
60%
Albania
57%
Montenegro
54%
Thailand
54%
No matching quizzes found
Score Distribution
Percent of People with Each Score
Percentile by Number Answered
Your Score History
You have not taken this quiz